• 首页
  • 本馆介绍
  • 公告通知
  • 最新文献
  • 馆藏检索
  • 电子资源
  • 读者导购
  • 参考咨询
  • 我的图书馆
  • 登录
  • 详细信息显示
  • 放入我的书架
  • 预约/预借图书
  • 作者相关作品
  • 分类相关作品
  • 丛书相关作品
  • 出版社相关作品

书目信息

  • 表格格式
  • 工作单格式
  • 卡片格式
题名:
个性
    
 
作者: 王蒙 著
分册:  
出版信息: 北京   北京联合出版公司  2019
页数: 12,241页
开本: 21cm
丛书名:
单 册:
中图分类: B223.55
科图分类:
主题词: 道家
电子资源:
ISBN: 978-7-5596-3496-2
000 01018nam0 2200325 450
001 010502298
005 20200116143552.0
010    @a978-7-5596-3496-2@b精装@dCNY48.00
049    @aN210200DLC@bUCS01009797629@c009797629
090    @aB223@bwm
096    @aB223@bwm
100    @a20191120d2019 em y0chiy0120 ea
101 0  @achi
102    @aCN@b110000
105    @ay z 000yy
106    @ar
200 1  @a个性@b专著@e极简庄子@f王蒙著@9ge xing
210    @a北京@c北京联合出版公司@d2019
215    @a12,241页@d21cm
300    @a写给年轻人的中国智慧系列
330    @a本书内容包括:人生需要学点哲学;世界的哲学是什么;人生的哲学是什么;做一个真人;做一个快乐的人;在复杂的世界,保护自己;齐生死,任逍遥。
517 1  @a极简庄子@9ji jian zhuang zi
605    @a《庄子》@x研究
606 0  @a道家
690    @aB223.55@v5
701  0 @a王蒙@4著@9wang meng
801  2 @aCN@bN210200DLC@c20191119
801  0 @aCN@bDST@c20191108
801  0 @aCN@bBJXHZP@c20230228
905    @b1406724-7@dB223.55@e1069@f4
    
    个性:极简庄子/王蒙著.-北京:北京联合出版公司,2019
    12,241页;21cm
    写给年轻人的中国智慧系列
    
    ISBN 978-7-5596-3496-2(精装):CNY48.00
    本书内容包括:人生需要学点哲学;世界的哲学是什么;人生的哲学是什么;做一个真人;做一个快乐的人;在复杂的世界,保护自己;齐生死,任逍遥。
●
相关链接 在E读中查询图书 在五车中查询图书 在当当中查询图书 在豆瓣中查询图书


正题名:个性     索取号:B223.55/1069         预约/预借

序号 登录号 条形码 馆藏地/架位号 状态 备注
1 1406724   214067249   第一样本阅览室/ [索取号:B223.55/1069] 在馆    
2 1406725   214067258   第一借阅区/ [索取号:B223.55/1069] 在馆    
3 1406726   214067267   第一借阅区/ [索取号:B223.55/1069] 在馆    
4 1406727   214067276   第一借阅区/ [索取号:B223.55/1069] 在馆    
唐山师范学院图书馆 欢迎您!
大连网信软件有限公司© 版权所有